000 00461nam a2200157 i 4500
001 52429
003 ES-MaACL
005 20230906162600.0
007 t|
008 030829s1979 sp ||||1| spa d
100 1 _aChazarra Gallud, Antonio.
_938290
245 1 0 _aViento y palabra
_b: poemas /
_cAntonio Chazarra Gallud.
260 _a[S.l. :
_bs.n.,
_c1979] (
_eCartagena :
_fImp. Molegar)
300 _a79 p. ;
_c21 cm.
852 _aES-MaACL
_jA-10152
_bR.99544
999 _c52429
_d52429